| 000 | 00475nam a2200169 a 4500 | ||
|---|---|---|---|
| 001 | 000021895 | ||
| 005 | 20200930011507.0 | ||
| 008 | 100914s19uu dr 000 0 spa d | ||
| 040 |
_aDO-SdBNP _bspa _cBNPHU |
||
| 082 |
_axxx _bS197 |
||
| 100 | 1 |
_aSanabia, Rafael Emilio _926438 |
|
| 245 | 1 | 0 |
_aRecortes y recuerdos / _cRafael Emilio Sanabia. |
| 246 | 1 | 0 | _aEsta otra invasión |
| 260 |
_aSanto Domingo : _bArte y Cine, _c[190?]. |
||
| 300 |
_a78 p. ; _c24 cm. |
||
| 049 | _aBNPD | ||
| 999 |
_c21393 _d21393 |
||